| 000 | 00687nam a22001817a 4500 | ||
|---|---|---|---|
| 003 | BD-DhUL | ||
| 005 | 20161030123144.0 | ||
| 008 | 161030s2001 ||||| |||| 00| 0 ben d | ||
| 040 |
_aBD-DhUL _cBD-DhUL |
||
| 082 |
_a891.44301 _bGAA |
||
| 100 | 1 | _a গঙ্গোপাধ্যায় ,সুনীল | |
| 245 | 1 |
_aআলোকলতার মূল / _cসুনীল গঙ্গোপাধ্যায় |
|
| 260 |
_aকলকাতা : _bবিকল্প প্রকাশনী , _c২০০১. |
||
| 300 |
_a ১৯০ পৃ. : _c২১ সে.মি. |
||
| 650 | 0 | _aবাংলা ছোট গল্প | |
| 650 | 0 | _aBengali short stories | |
| 942 |
_2ddc _cBK |
||
| 999 |
_c116901 _d116901 |
||